000 00866cam a2200241 a 4500
001 000005760
005 20200929151755.0
008 761027s1965 uy 001 0 spa
040 _aDO-SdBNP
_bspa
_cBNPHU
082 _a809.9112
_bP438m
100 1 _aPérez Petit, Víctor,
_d1871-1947.
_916311
245 1 4 _aLos modernistas /
_cVíctor Pérez Petit ; prólogo, Nicolás Fusco Sansone.
260 _aMontevideo, Uruguay :
_bMinisterio de Instrucción Pública y Revisión Social,
_c1965.
300 _a1 t ;
_c20 cm.
490 1 _aBiblioteca Artigas
490 1 _aClásicos uruguayos
_v89.
650 4 _aModernismo (literatura)
_9834
650 4 _aLiteratura moderna
_916312
650 4 _aAutores
_97190
700 1 _aFusco Sansone, Nicolás,
_eprol.
_916313
830 0 _aBiblioteca Artigas.
_pclásicos uruguayos ;
_v89.
_916286
910 _aCatalogación original
999 _c5556
_d5556